| 000 | 00695nam a2200193 a 4500 | ||
|---|---|---|---|
| 008 | 120416s1974 ||||||||||||||||| || u | ||
| 020 | _a0070022143 | ||
| 050 | _aNA 7208 Hou | ||
| 100 | _aSchlegel, Karin | ||
| 245 | 1 | 0 |
_aHouses architects design for themselves _cedited by Walter F. Wagner |
| 260 |
_aNew York: _bMcGraw-Hill _c1974 |
||
| 300 | _ax, 230p. : ill. | ||
| 350 | _a0.00 | ||
| 500 | _a'An Architectural record book.' | ||
| 650 | _aARCHITECTURAL DESIGN--EVALUATION | ||
| 650 | _aTEXTBOOKS | ||
| 700 | _aWagner, Walter F | ||
| 995 |
_D0.00 _FCBU-MAIN LIBRARY (Kitwe) _H1 _I22.95 _M1 _UAVAILABLE _ZAnnex Low-Usage Collection |
||
| 999 |
_c45715 _d45715 |
||